Paroles JUL-Comme les gens d'ici - Statistiques

Statistiques générales
  • Ce quiz a été pris 357 fois
  • Le résultat moyen est 290 sur 426
Statistiques - réponses
Réponse % Correct
le
96%
je
95%
à
93%
comme
93%
gens
93%
les
93%
Les
93%
pas
93%
d'ici
92%
me
92%
qu'
92%
moi
91%
Moi
91%
sa
91%
Ils
90%
ils
90%
suis
90%
tu
90%
Tu
90%
Nique
88%
la
87%
87%
bleu
86%
bois
86%
mère
86%
Et
85%
et
85%
de
83%
j'suis
83%
J'suis
83%
quartier
83%
aiment
82%
en
82%
En
82%
que
82%
J'fume
81%
traîtres
81%
sac
80%
un
80%
Sache
79%
veulent
78%
ce
77%
une
77%
fais
76%
légende
76%
sais
76%
j'anticipe
75%
Mon
75%
mon
75%
qui
75%
ma
74%
l'ironie
73%
au
72%
faisant
72%
toucheras
71%
m'niquer
65%
J'ai
61%
colère
59%
c'qui
58%
encore
57%
qu'on
57%
marqué
56%
mélancolie
56%
m'oublie
55%
l'époque
54%
mic
54%
déçu
52%
haine
52%
l'ovni
52%
veux
52%
crabe
51%
ta
51%
est
50%
même
50%
m'ont
50%
pour
50%
renient
48%
lâche
46%
bien
44%
faire
44%
imparable
44%
mais
43%
Mais
43%
dans
42%
Dans
42%
n'me
42%
tout
42%
ces
41%
nient
41%
yeux
39%
beau
38%
m'renie
38%
tape
38%
te
38%
ça
36%
déçoivent
36%
des
36%
j'm'en
36%
ouverts
36%
quand
35%
zouaves
32%
bah
30%
feinte
30%
j'le
30%
y'a
30%
Croit
29%
J'veux
29%
Gucci
28%
trop
28%
as
26%
femme
26%
merde
26%
nage
26%
qu'sa
26%
rien
26%
sacoche
26%
shit
26%
dire
25%
fou
25%
missions
25%
pot
25%
souvent
25%
tord
25%
rend
24%
cinq
23%
cours
23%
juste
23%
l'étage
23%
Michel
23%
Pendant
23%
points
23%
cœur
22%
j'pourrais
22%
d'échappement
21%
peu
21%
Dur
20%
généreux
20%
Grand
20%
si
20%
alors
19%
avec
19%
musique
19%
perpèt'
19%
d'indic'
18%
jobé
17%
m'échappe
17%
snap
17%
civ
16%
Colucci
16%
faut
16%
m'évader
16%
patauge
16%
tous
16%
vie
16%
parlé
15%
quoi
15%
savent
15%
besoin
14%
block
14%
pris
14%
qu'aboutit
14%
sous
14%
J'fais
13%
t'as
13%
l'bordel
10%
l'tunnel
10%
réellement
10%
c'moment
8%
n'suis
7%
t'ont
7%
brucia
4%
Aucun quiz correspondant
Distribution des résultats
% des personnes avec chaque résultat
Percentile par nombre de réponses
Votre historique - résultats
Vous n’avez pas pris ce quiz